[Event "POL-chT Mazovia 06/07 op"]
[Site "Poland"]
[Date "2007.01.21"]
[Round "7.9"]
[White "Kurkowski, Zbigniew"]
[Black "Szymczuk, Andrzej"]
[Result "1/2-1/2"]
[WhiteElo "2150"]
[BlackElo "2097"]
[PlyCount "41"]
[EventDate "2006.10.22"]
[EventType "team-swiss"]
[EventRounds "10"]
[EventCountry "POL"]
[SourceTitle "EXT 2019"]
[Source "ChessBase"]
[SourceDate "2018.10.10"]
[SourceVersion "1"]
[SourceVersionDate "2018.10.10"]
[SourceQuality "1"]
[WhiteTeam "Gostynin Gostmat 83"]
[BlackTeam "Gora Kalwaria Korona II"]
[WhiteTeamCountry "POL"]
[BlackTeamCountry "POL"]

1. e4 c6 2. d4 d5 3. exd5 cxd5 4. c4 Nf6 5. Nc3 g6 6. cxd5 Bg7 7. Nf3 0-0 8. Be2 Nxd5 9. 0-0 Nc6 10. Nxd5 Qxd5 11. Be3 Bf5 12. Qa4 Qa5 13. Qb3 Qb4 14. Qc3 Be4 15. Rfd1 Bd5 16. Ne5 Qd6 17. Bf4 Qd8 18. Bf3 Rc8 19. Qa3 Bxf3 20. Qxf3 Qa5 21. Qb3 1/2-1/2

[Event "Mazowieckie-chT 0405"]
[Site "Poland"]
[Date "2005.01.09"]
[Round "7"]
[White "Szymczuk, Andrzej"]
[Black "Zbrzezny, Aleksander"]
[Result "1-0"]
[WhiteElo "2061"]
[BlackElo "2056"]
[PlyCount "78"]
[EventDate "2004.10.03"]
[EventType "team-tourn"]
[EventRounds "10"]
[EventCountry "POL"]
[SourceTitle "EXT 2019"]
[Source "ChessBase"]
[SourceDate "2018.10.10"]
[SourceVersion "1"]
[SourceVersionDate "2018.10.10"]
[SourceQuality "1"]

1. e4 c5 2. Nf3 d6 3. d4 cxd4 4. Nxd4 Nf6 5. Nc3 a6 6. Bc4 Qc7 7. Bb3 e6 8. 0-0 Be7 9. Qf3 0-0 10. Qg3 Rd8 11. Bg5 b5 12. a3 Nc6 13. Nxc6 Qxc6 14. Bxf6 Bxf6 15. Nd5 exd5 16. Bxd5 Qxc2 17. Rac1 Be5 18. Rxc2 Bxg3 19. Bxa8 Be5 20. Bd5 Bd7 21. b4 Kf8 22. Rd1 f5 23. f3 a5 24. bxa5 b4 25. axb4 Ba4 26. Rdc1 Bxc2 27. Rxc2 Rb8 28. Rc4 Bf4 29. Kf2 Bd2 30. a6 f4 31. Ke2 Be3 32. Bb7 Ke7 33. Rc7+ Kf6 34. Rd7 g5 35. Rxd6+ Ke7 36. Rh6 Rd8 37. Rxh7+ Kf6 38. Bd5 Rc8 39. Kd3 Rc1 1-0

[Event "Mazowieckie-chT 0405"]
[Site "Poland"]
[Date "2004.12.12"]
[Round "6"]
[White "Skaruz, Jaroslaw"]
[Black "Szymczuk, Andrzej"]
[Result "1-0"]
[WhiteElo "2172"]
[BlackElo "2061"]
[PlyCount "39"]
[EventDate "2004.10.03"]
[EventType "team-tourn"]
[EventRounds "10"]
[EventCountry "POL"]
[SourceTitle "EXT 2019"]
[Source "ChessBase"]
[SourceDate "2018.10.10"]
[SourceVersion "1"]
[SourceVersionDate "2018.10.10"]
[SourceQuality "1"]

1. e4 c6 2. d4 d5 3. exd5 cxd5 4. c4 Nf6 5. Nc3 g6 6. cxd5 Bg7 7. Bc4 0-0 8. Nge2 Nbd7 9. Nf4 Nb6 10. Bb3 Bf5 11. Qe2 a5 12. a4 Qd6 13. 0-0 Qb4 14. Ba2 Rac8 15. Rd1 Rfe8 16. Nd3 Bxd3 17. Rxd3 Nxa4 18. Nxa4 Qxa4 19. Be3 Rc2 20. Qd1 1-0

[Event "Warsaw-ch"]
[Site "Warsaw"]
[Date "2004.09.20"]
[Round "3"]
[White "Rudolf, Michal"]
[Black "Szymczuk, Andrzej"]
[Result "1-0"]
[WhiteElo "2425"]
[BlackElo "2061"]
[PlyCount "125"]
[EventDate "2004.09.18"]
[EventType "swiss"]
[EventRounds "9"]
[EventCountry "POL"]
[SourceTitle "EXT 2008"]
[Source "ChessBase"]
[SourceDate "2007.11.25"]
[SourceVersion "1"]
[SourceVersionDate "2007.11.25"]
[SourceQuality "1"]

1. e4 c6 2. Nc3 d5 3. Nf3 Bg4 4. h3 Bxf3 5. Qxf3 Nf6 6. d3 e6 7. g4 Qb6 8. Bg2 Bd6 9. Qe2 dxe4 10. Nxe4 Nxe4 11. Qxe4 Qb4+ 12. Qxb4 Bxb4+ 13. c3 Bd6 14. b4 Nd7 15. Be3 a5 16. bxa5 Rxa5 17. Kd2 Kd8 18. Rhb1 Kc7 19. Rb2 b5 20. Bf3 Rha8 21. Bd1 Ba3 22. Rbb1 Bc5 23. Rb2 Ba3 24. Rc2 Nb6 25. Bxb6+ Kxb6 26. Ke3 Be7 27. f4 h6 28. Rb2 Kc7 29. Bb3 Bf6 30. Rc2 c5 31. Rg1 Kd6 32. g5 hxg5 33. fxg5 Bd8 34. Rg4 Ke7 35. Kf3 R5a7 36. Re2 g6 37. Rf2 Ba5 38. c4 Rd8 39. Ke2 b4 40. Rgf4 Kf8 41. h4 Kg7 42. R2f3 Bb6 43. Kf2 Rd4 44. Rxd4 cxd4 45. Kg3 Bc7+ 46. Kg4 Bd6 47. Rf2 Ra5 48. Re2 Rf5 49. Re4 Bc5 50. Rf4 Rxf4+ 51. Kxf4 f6 52. Ba4 Kf7 53. gxf6 Kxf6 54. Be8 Bb6 55. Bc6 Bc5 56. Be4 Bd6+ 57. Kf3 Be5 58. c5 Bc7 59. Ke2 g5 60. h5 g4 61. h6 Ke7 62. h7 Be5 63. Kd1 1-0